Digitalizácia riadenia ľudských zdrojov vo vybranom podniku bakalárska práca

Enregistré dans:
Détails bibliographiques
Auteur principal: Bélai, Sebastián
Collectivité auteur: Fakulta podnikového manažmentu EU. Katedra manažmentu
Autres auteurs: Dědečková, Nina, 1994-
Format: Livre
Langue:slovaque
Publié: Bratislava 2023
Tags: Ajouter un tag
Pas de tags, Soyez le premier à ajouter un tag!

MARC

LEADER 00000nbm a2200000 4500
001 0293676
005 20240424111835.9
041 0 |a slo 
044 |a SK 
245 1 0 |a Digitalizácia riadenia ľudských zdrojov vo vybranom podniku  |b bakalárska práca  |c Sebastián Bélai ; školiteľ: Nina Dědečková 
264 1 |a Bratislava  |c 2023 
300 |a 51 s. 
100 1 |a Bélai, Sebastián 
700 1 |a Dědečková, Nina, 1994- 
710 2 |a Fakulta podnikového manažmentu EU. Katedra manažmentu